000 00295nam a22001337a 4500
008 170301b xxu||||| |||| 00| 0 eng d
020 _a9780443065736
041 _aeng
080 _25TH
_a61
100 _a6
101 _aSHM
245 _aBASICS OF ANESTHESIA
_cSTOELTING, R.K
942 _2udc
_cBK
999 _c6527
_d6527